Kader von Borussia Dortmund Champions League 2024/2025 - Statistiken

Allgemein
  • Dieses Quiz wurde 127 mal gespielt
  • Das Durchschnittsergebnis liegt bei 20 aus 25
Antwortstatistiken
Bildquiz Antwort % Korrekt
Gregor Kobel
99%
Emre Can
96%
Julian Brandt
96%
Karim Adeyemi
96%
Marcel Sabitzer
96%
Niklas Süle
96%
Nico Schlotterbeck
95%
Serhou Guirassy
93%
Maximilian Beier
91%
Waldemar Anton
91%
Pascal Gross
90%
Jamie Gittens
88%
Julian Ryerson
88%
Ramy Bensebaini
87%
Felix Nmecha
85%
Giovanni Reyna
85%
Salih Özcan
84%
Alexander Meyer
78%
Yan Couto
78%
Daniel Svensson
63%
Marcel Lotka
55%
Carney Chukwuemeka
46%
Kjell Wätjen
46%
Ayman Azhil
20%
Silas Ostrzinski
13%
Keine übereinstimmenden Quizze gefunden
Verteilung der Resultate
Anzahl Personen mit jedem Resultat
Perzentil nach korrekt beantworteten Fragen
Ihre Resultats-Entwicklung
Sie haben dieses Quiz noch nicht gespielt